අ.පො.ස.උසස් පෙළ ජිව විද්යාව : ක්රියාකාරි සත්ත්වයා (Record no. 16314)
[ view plain ]
| 000 -LEADER | |
|---|---|
| fixed length control field | 00604nam a2200181Ia 4500 |
| 008 - FIXED-LENGTH DATA ELEMENTS--GENERAL INFORMATION | |
| fixed length control field | 180921t2001 xxu||||| |||| 00| 0 sin d |
| 041 ## - LANGUAGE CODE | |
| Language code of text/sound track or separate title | Sinhala; Sinhalese |
| 080 ## - UNIVERSAL DECIMAL CLASSIFICATION NUMBER | |
| Universal Decimal Classification number | 59 |
| Item number | KOT |
| 942 ## - ADDED ENTRY ELEMENTS (KOHA) | |
| Koha item type | Books |
| 003 - CONTROL NUMBER IDENTIFIER | |
| control field | LK-CoDNM |
| 040 ## - CATALOGING SOURCE | |
| Original cataloging agency | LK-CoDNM |
| Modifying agency | LK-CoDNM |
| Description conventions | LK-CoDNM |
| 100 ## - MAIN ENTRY--PERSONAL NAME | |
| Personal name | Kosthalavala, A.B. |
| 245 ## - TITLE STATEMENT | |
| Title | අ.පො.ස.උසස් පෙළ ජිව විද්යාව : ක්රියාකාරි සත්ත්වයා |
| 246 ## - VARYING FORM OF TITLE | |
| Title proper/short title | Aposa usas pela jeeva vidyaava :Kriyaakaari sathvayaa |
| 260 ## - PUBLICATION, DISTRIBUTION, ETC. (IMPRINT) | |
| Name of publisher, distributor, etc. | Godage |
| Place of publication, distribution, etc. | Colombo |
| Date of publication, distribution, etc. | 2001 |
| 300 ## - PHYSICAL DESCRIPTION | |
| Extent | 106p., ill., 28 cm |
| 650 ## - SUBJECT ADDED ENTRY--TOPICAL TERM | |
| Topical term or geographic name as entry element | Biology A/L |
| -- | Homone |
| Withdrawn status | Lost status | Damaged status | Not for loan | Collection code | Permanent Location | Current Location | Date acquired | Full call number | Barcode | Koha item type |
|---|---|---|---|---|---|---|---|---|---|---|
| Science | Library National Museum Colombo - Sri Lanka | Library National Museum Colombo - Sri Lanka | 2023-06-11 | 59 KOT | 140895 | Books |


